[Event "Tournoi d'Hiver 2010"]
[Site "CRELEL"]
[Date "2010.12.10"]
[Round "2"]
[White "Lievens, Robert"]
[Black "Stefani, Philippe"]
[Result "1-0"]
[WhiteElo "1594"]
[BlackElo "1641"]
[PlyCount "81"]
[EventDate "2010.??.??"]

1. e4 c5 2. Nf3 e6 3. d4 cxd4 4. Nxd4 Nc6 5. Be2 Qc7 6. Be3 a6 7. O-O Nf6 8.
Nd2 d5 9. Bd3 Bd6 10. h3 O-O 11. c3 Ne5 12. Bc2 dxe4 13. Nxe4 Nxe4 14. Bxe4 f5
15. Bc2 Ng6 16. Bb3 Re8 17. Nxf5 Be5 18. Nd4 Kh8 19. Re1 Bf6 20. Qc2 Bd7 21.
Rad1 e5 22. Nf5 Bxf5 23. Qxf5 Rad8 24. Rxd8 Rxd8 25. Qe6 Qb8 26. Qg4 Nf4 27.
Qf5 Ng6 28. Bc2 Qc8 29. Qh5 Nf8 30. Rd1 Rxd1+ 31. Qxd1 Ne6 32. Qg4 Qe8 33. Qe4
Nf8 34. Qxb7 a5 35. Qd5 a4 36. Bc5 g6 37. Bxf8 Qxf8 38. Bxa4 Bg5 39. Qxe5+ Bf6
40. Qe3 Qd8 41. Qe8+ 1-0

[Event "Tournoi d'Hiver 2010"]
[Site "CRELEL"]
[Date "2011.01.07"]
[Round "4"]
[White "Lievens, Robert"]
[Black "Valentiny, Benoit"]
[Result "1/2-1/2"]
[WhiteElo "1594"]
[BlackElo "1855"]
[PlyCount "58"]
[EventDate "2010.??.??"]

1. e4 d6 2. d4 Nf6 3. Bd3 e5 4. d5 Nbd7 5. f3 Be7 6. Be3 Nh5 7. Ne2 Bh4+ 8. g3
Bg5 9. Qd2 Bxe3 10. Qxe3 a5 11. Nd2 c6 12. c4 Nc5 13. O-O O-O 14. Kg2 Nf6 15.
Rac1 Nfd7 16. Bb1 cxd5 17. cxd5 b5 18. f4 exf4 19. gxf4 Bb7 20. Qh3 Qf6 21. Kh1
Qxb2 22. Qc3 Qxc3 23. Rxc3 g6 24. Nd4 Ba6 25. Rg1 Kh8 26. Rcg3 Rfe8 27. Rg4 Nf6
28. Rh4 Bc8 29. f5 Bd7 1/2-1/2

[Event "Tournoi d'Hiver 2010"]
[Site "CRELEL"]
[Date "2011.01.14"]
[Round "5"]
[White "Magis, Pierre"]
[Black "Albert, Julien"]
[Result "1/2-1/2"]
[WhiteElo "1646"]
[BlackElo "1673"]
[PlyCount "122"]
[EventDate "2010.??.??"]

1. e4 c5 2. Nf3 d6 3. Bc4 e6 4. O-O Nf6 5. Re1 Be7 6. d4 cxd4 7. Nxd4 O-O 8.
Bb3 a6 9. Bg5 Nbd7 10. Nc3 Nc5 11. a3 Nxb3 12. Nxb3 b5 13. Qd2 Bb7 14. Rad1 Rc8
15. Bf4 d5 16. exd5 Nxd5 17. Nxd5 Bxd5 18. c3 Bh4 19. Nd4 Qf6 20. Qe3 Qg6 21.
Bg3 Rc4 22. Qe2 Rfc8 23. Qd3 Bxg3 24. hxg3 Qh5 25. Qe3 R8c5 26. Qe5 Qh6 27.
Qb8+ Rc8 28. Qe5 R4c5 29. Qf4 Qxf4 30. gxf4 Bc4 31. Re3 Rd8 32. Rde1 Kf8 33.
Re5 Rcd5 34. Rxd5 Rxd5 35. Re5 Ke7 36. f3 Kd6 37. Rxd5+ Kxd5 38. Kf2 g6 39. Ke3
e5 40. fxe5 Kxe5 41. Nc6+ Kd6 42. Nd4 h5 43. g3 Be6 44. f4 Bd7 45. Ke4 f6 46.
f5 g5 47. Nb3 Bc6+ 48. Kd4 Bd7 49. Ke4 Bc6+ 50. Kd4 h4 51. gxh4 gxh4 52. Nd2 h3
53. Nf1 Bg2 54. Nh2 Kc6 55. b4 Kd6 56. Ng4 Bf3 57. Nh2 Bg2 58. Ng4 Bc6 59. Nh2
Bd7 60. Ke4 Bc6+ 61. Kd4 Bd7 1/2-1/2

[Event "Tournoi d'Hiver 2010"]
[Site "CRELEL"]
[Date "2011.01.28"]
[Round "7"]
[White "Magis, Pierre"]
[Black "Porteman, Eric"]
[Result "0-1"]
[WhiteElo "1646"]
[BlackElo "1937"]
[PlyCount "74"]
[EventDate "2010.??.??"]

1. d4 Nf6 2. c4 c5 3. d5 e6 4. dxe6 fxe6 5. Nf3 Be7 6. e3 O-O 7. Bd3 d5 8. O-O
Nc6 9. Nc3 d4 10. Ne4 e5 11. a3 Bg4 12. h3 Bh5 13. Nxf6+ Rxf6 14. Be4 Qe8 15.
Qd3 Bxf3 16. Bxf3 Rd8 17. Bd5+ Kh8 18. e4 Rg6 19. f4 exf4 20. Bxf4 Bf6 21. Rf2
Bh4 22. Rf3 Rf6 23. Bxc6 Qxc6 24. Raf1 Kg8 25. Qe2 Re6 26. e5 Rf8 27. b4 b6 28.
b5 Qa8 29. Bh2 Rxf3 30. Rxf3 Qe8 31. Qe4 Bd8 32. Qd5 h6 33. g4 Kh7 34. Bg3 Bc7
35. Qe4+ Qg6 36. Qa8 Bxe5 37. Bxe5 Rxe5 0-1

[Event "Tournoi d'Hiver 2010"]
[Site "CRELEL"]
[Date "2010.12.03"]
[Round "1"]
[White "Magis, Pierre"]
[Black "Remont, Leopold"]
[Result "0-1"]
[WhiteElo "1646"]
[BlackElo "2006"]
[PlyCount "66"]
[EventDate "2010.??.??"]

1. e4 e5 2. Nf3 Nc6 3. Bc4 Nf6 4. d3 Be7 5. Nc3 d6 6. Bg5 Na5 7. Nd2 Nxc4 8.
Nxc4 c6 9. Ne3 Nxe4 10. Bxe7 Nxc3 11. Bxd8 Nxd1 12. Bc7 Nxe3 13. fxe3 Ke7 14.
Ba5 f5 15. Bc3 b6 16. Rf1 Rf8 17. g3 a5 18. a4 Ba6 19. Rf2 Ke6 20. Kd2 Rad8 21.
Re1 g5 22. b3 h5 23. e4 f4 24. Ref1 Bc8 25. b4 axb4 26. Bxb4 c5 27. Bc3 Bd7 28.
a5 b5 29. gxf4 gxf4 30. Ra1 h4 31. Bb2 Ra8 32. c3 b4 33. cxb4 cxb4 0-1

[Event "Tournoi d'Hiver 2010"]
[Site "CRELEL"]
[Date "2011.01.28"]
[Round "7"]
[White "Marchal, Georges"]
[Black "Becker, Joseph"]
[Result "0-1"]
[WhiteElo "1414"]
[BlackElo "1496"]
[PlyCount "68"]
[EventDate "2010.??.??"]

1. e4 c6 2. d4 d5 3. exd5 cxd5 4. Nf3 Nc6 5. Be2 g6 6. Be3 Bg7 7. Nbd2 Bd7 8.
c3 a6 9. a4 e6 10. O-O Nf6 11. b4 O-O 12. b5 axb5 13. axb5 Na5 14. Nb3 Qb6 15.
Nxa5 Rxa5 16. Rxa5 Qxa5 17. Qb3 Rc8 18. c4 dxc4 19. Bxc4 Ne4 20. Rc1 Nd6 21.
Be2 Qb6 22. Bc4 Nxc4 23. Rxc4 Rxc4 24. Qxc4 Qxb5 25. Qxb5 Bxb5 26. Nd2 f5 27.
f4 Kf7 28. Nb3 Bc4 29. Nd2 b5 30. Nxc4 bxc4 31. Kf1 Ke7 32. Ke2 Kd6 33. Kd2 Kd5
34. g3 Bxd4 0-1

[Event "Tournoi d'Hiver 2010"]
[Site "CRELEL"]
[Date "2010.12.03"]
[Round "1"]
[White "Marchal, Georges"]
[Black "Evrard, Jean-Marie"]
[Result "1-0"]
[WhiteElo "1414"]
[BlackElo "1161"]
[PlyCount "55"]
[EventDate "2010.??.??"]

1. e4 e5 2. Nf3 Nc6 3. Bb5 a6 4. Ba4 b5 5. Bb3 Nf6 6. O-O Bc5 7. Re1 Bb6 8. c3
d6 9. h3 Bb7 10. d3 Qe7 11. Bg5 Qd7 12. Nbd2 O-O-O 13. Nf1 Rde8 14. Be3 Bxe3
15. Nxe3 Nh5 16. Ng5 Nd8 17. Qxh5 g6 18. Qg4 Qxg4 19. Nxg4 Rhg8 20. Nf6 Ref8
21. Nxg8 Rxg8 22. Nxf7 Rf8 23. Nxd8 Kxd8 24. Rad1 c5 25. d4 c4 26. Bc2 Kc7 27.
a4 bxa4 28. Bxa4 1-0

[Event "Tournoi d'Hiver 2010"]
[Site "CRELEL"]
[Date "2010.12.17"]
[Round "?"]
[White "Marchal, Georges"]
[Black "Hardy, Roger"]
[Result "1-0"]
[WhiteElo "1414"]
[BlackElo "1242"]
[PlyCount "79"]
[EventDate "2010.??.??"]

1. e4 c5 2. d4 cxd4 3. c3 g6 4. Nf3 Bg7 5. cxd4 d5 6. e5 Nc6 7. Bb5 Bg4 8. Qd3
Bxf3 9. Qxf3 f6 10. e6 f5 11. O-O Nf6 12. Qc3 Rc8 13. Bf4 O-O 14. Qd2 Ne4 15.
Qd1 Nxd4 16. Bd7 Rc2 17. Be3 Qb6 18. Bxd4 Qc7 19. Bxg7 Kxg7 20. Nc3 Rd2 21. Qc1
Rd3 22. Nxe4 Qxc1 23. Raxc1 dxe4 24. Rfd1 Rxd1+ 25. Rxd1 a6 26. Rc1 b5 27. Kf1
f4 28. Ke2 g5 29. g3 fxg3 30. hxg3 g4 31. Rc7 e3 32. Kxe3 Rf3+ 33. Ke2 Kf6 34.
Rc6 h5 35. Rxa6 h4 36. gxh4 Rh3 37. Bxb5 Rh2 38. Ke3 Rxh4 39. Be2 Rh3+ 40. Kf4
1-0

[Event "Tournoi d'Hiver 2010"]
[Site "CRELEL"]
[Date "2011.01.21"]
[Round "6"]
[White "Marchal, Georges"]
[Black "Wilket, Andre"]
[Result "0-1"]
[WhiteElo "1414"]
[BlackElo "1500"]
[PlyCount "100"]
[EventDate "2010.??.??"]

1. e4 e5 2. Nf3 Nf6 3. Nxe5 Qe7 4. Nf3 Qxe4+ 5. Qe2 Qxe2+ 6. Bxe2 Bc5 7. d4 Be7
8. Bf4 d6 9. Nc3 c6 10. O-O Bf5 11. Rac1 O-O 12. Nd1 Nd5 13. Bg3 Nd7 14. c4
N5f6 15. Ne3 Be4 16. Nd2 Bg6 17. f4 Be4 18. Ng4 d5 19. Nxf6+ Nxf6 20. Bf3 Bxf3
21. Rxf3 Bb4 22. Nb3 Rfe8 23. a3 Bd6 24. c5 Bc7 25. Nd2 Re2 26. Rf2 Rae8 27. b4
Nh5 28. Nf3 Bxf4 29. Bxf4 Nxf4 30. Ne5 Rxf2 31. Kxf2 f6 32. g3 fxe5 33. gxf4
exf4 34. Kf3 g5 35. Rg1 Re3+ 36. Kf2 h6 37. h4 Rg3 38. Re1 Kf7 39. Re5 Kf6 40.
hxg5+ hxg5 41. Re8 g4 42. Rf8+ Kg5 43. Rf7 Rxa3 44. Rxb7 Rd3 45. b5 cxb5 46. c6
Rc3 47. Rxb5 Rxc6 48. Rxd5+ Kh4 49. Rd7 Rc2+ 50. Kf1 a5 0-1

[Event "Tournoi d'Hiver 2010"]
[Site "CRELEL"]
[Date "2011.01.07"]
[Round "4"]
[White "Moch, Jean"]
[Black "Laouar, Hassen"]
[Result "1-0"]
[WhiteElo "1184"]
[BlackElo "1481"]
[PlyCount "51"]
[EventDate "2010.??.??"]

1. d4 d5 2. Nc3 e6 3. a3 Nf6 4. Bg5 Be7 5. Nf3 Nc6 6. e3 O-O 7. Bd3 a6 8. Bxf6
Bxf6 9. h4 h6 10. g4 e5 11. Nxe5 Nxe5 12. dxe5 Bxh4 13. Qe2 Qg5 14. O-O-O d4
15. Ne4 Qd8 16. Rdg1 Bg5 17. Nxg5 Qxg5 18. f4 Qd8 19. g5 dxe3 20. gxh6 g6 21.
Bxg6 fxg6 22. Rxg6+ Kh7 23. Rg7+ Kh8 24. Qxe3 Bf5 25. Qg3 Bh7 26. Rxh7+ 1-0

[Event "Tournoi d'Hiver 2010"]
[Site "CRELEL"]
[Date "2011.01.21"]
[Round "6"]
[White "Moch, Jean"]
[Black "Thirion, Christian"]
[Result "0-1"]
[WhiteElo "1184"]
[BlackElo "1300"]
[PlyCount "112"]
[EventDate "2010.??.??"]

1. d4 d5 2. Nc3 e6 3. a3 Nf6 4. Bg5 h6 5. Bxf6 Qxf6 6. Nf3 c5 7. Nb5 Qe7 8. e3
a6 9. Nc3 cxd4 10. Qxd4 Nc6 11. Qa4 Bd7 12. Bb5 Qd8 13. Bxc6 Bxc6 14. Qd4 f6
15. Qg4 Qe7 16. Qh5+ Qf7 17. Qxf7+ Kxf7 18. O-O-O Bd6 19. e4 Bf4+ 20. Kb1 dxe4
21. Nd4 Rac8 22. Nxc6 Rxc6 23. Rd7+ Kg6 24. Re1 b5 25. Rxe4 Be5 26. Rg4+ Kf5
27. Rdxg7 Bxc3 28. bxc3 Rxc3 29. Kb2 Rhc8 30. Rg3 Rxc2+ 31. Kb3 Rxf2 32. Rf3+
Rxf3+ 33. gxf3 Rd8 34. Kb4 Rd3 35. Ra7 Rd4+ 36. Kc5 Ra4 37. Rh7 Kg6 38. Re7 e5
39. Kd5 Rxa3 40. Re6 Kf5 41. h4 b4 42. Kd6 b3 43. Re8 a5 44. Rb8 a4 45. Ke7 e4
46. fxe4+ Kxe4 47. Kxf6 Ra2 48. Kg6 Rc2 49. Rb4+ Kf3 50. Kxh6 b2 51. Kg6 a3 52.
Rb3+ Ke2 53. h5 a2 54. Rb5 a1=Q 55. Re5+ Kd3 56. h6 b1=Q 0-1

[Event "Tournoi d'Hiver 2010"]
[Site "CRELEL"]
[Date "2010.12.10"]
[Round "2"]
[White "Morgenthal, Renaud"]
[Black "Moch, Jean"]
[Result "0-1"]
[WhiteElo "1468"]
[BlackElo "1184"]
[PlyCount "100"]
[EventDate "2010.??.??"]

1. e4 c5 2. d4 cxd4 3. c3 d6 4. Bc4 Nf6 5. f3 Nc6 6. cxd4 g6 7. Nc3 Bg7 8. f4
O-O 9. Nf3 Nxe4 10. Bxf7+ Rxf7 11. Nxe4 Bg4 12. Neg5 Bxf3 13. Nxf3 Qb6 14. Ng5
Qb4+ 15. Kf1 Rff8 16. Qg4 Nxd4 17. Be3 Qc4+ 18. Kf2 Nc2 19. Rac1 Nxe3 20. Kxe3
Qd4+ 21. Kf3 Qd3+ 22. Kf2 Bd4+ 23. Ke1 Qe3+ 24. Kd1 Rf6 25. Rc8+ Rxc8 26. Qxc8+
Kg7 27. Re1 Qd3+ 28. Kc1 Be3+ 29. Rxe3 Qxe3+ 30. Kc2 h6 31. Nf3 Rxf4 32. Qc3+
Qxc3+ 33. Kxc3 e5 34. Kd3 g5 35. Ke3 g4 36. Nd2 b5 37. Ne4 d5 38. Nd6 d4+ 39.
Kd3 a6 40. Ne4 Kg6 41. g3 Rf3+ 42. Kc2 Kf5 43. Nd6+ Ke6 44. Ne4 d3+ 45. Kd2 Kd5
46. Nc3+ Kd4 47. Nd1 e4 48. b3 e3+ 49. Ke1 e2 50. Nb2 Rf1+ 0-1

[Event "Tournoi d'Hiver 2010"]
[Site "CRELEL"]
[Date "2011.01.14"]
[Round "5"]
[White "Morgenthal, Renaud"]
[Black "Pitz, Luc"]
[Result "0-1"]
[WhiteElo "1468"]
[BlackElo "1444"]
[PlyCount "52"]
[EventDate "2010.??.??"]

1. e4 c6 2. d4 d5 3. e5 Bf5 4. c4 e6 5. c5 Nd7 6. Nf3 f6 7. Bf4 b6 8. b4 b5 9.
Nc3 a5 10. a3 Ne7 11. Nh4 Bg6 12. Qg4 axb4 13. Nxg6 hxg6 14. Bd3 f5 15. Nxb5
cxb5 16. Qd1 bxa3 17. O-O b4 18. Qb3 Nc6 19. Be3 Qh4 20. h3 g5 21. Bb5 Nxd4 22.
Bxd4 Qxd4 23. c6 Nxe5 24. c7+ Kf7 25. Rac1 Bd6 26. Qc2 a2 0-1

[Event "Tournoi d'Hiver 2010"]
[Site "CRELEL"]
[Date "2010.12.03"]
[Round "1"]
[White "Nottet, Tristan"]
[Black "Iafelice, Luigi"]
[Result "0-1"]
[WhiteElo "1625"]
[BlackElo "1800"]
[PlyCount "37"]
[EventDate "2010.??.??"]

1. e4 d5 2. exd5 Qxd5 3. Nc3 Qa5 4. g3 Nf6 5. Bg2 g6 6. d4 c6 7. Bd2 Qb6 8. Bc1
Bg7 9. Nge2 O-O 10. O-O Rd8 11. Rb1 Bf5 12. Be3 Ng4 13. Qd2 Na6 14. a3 e5 15.
d5 Nxe3 16. fxe3 Bh6 17. Nd1 cxd5 18. Bxd5 Nc7 19. Rxf5 0-1

[Event "Tournoi d'Hiver 2010"]
[Site "CRELEL"]
[Date "2011.01.14"]
[Round "5"]
[White "Nottet, Tristan"]
[Black "Lievens, Robert"]
[Result "1-0"]
[WhiteElo "1625"]
[BlackElo "1571"]
[PlyCount "59"]
[EventDate "2010.??.??"]

1. e4 c5 2. c3 Nc6 3. Nf3 d6 4. d4 cxd4 5. cxd4 Bd7 6. Be3 g6 7. Nc3 Bg7 8. Be2
Nf6 9. h3 O-O 10. O-O a6 11. a4 Rc8 12. Qd2 Nh5 13. Bh6 e5 14. Bxg7 Kxg7 15.
Nd5 Nf6 16. dxe5 dxe5 17. Nxe5 Nxe5 18. Nxf6 Qxf6 19. f4 Qb6+ 20. Kh2 Bc6 21.
fxe5 Bxe4 22. Rf6 Qd8 23. Rd6 Qe7 24. Qf4 Bf5 25. Bf3 Rfe8 26. Re1 Rc5 27. e6
Bxe6 28. Qd4+ Kg8 29. Qxc5 Rc8 30. Qxc8+ 1-0

[Event "Tournoi d'Hiver 2010"]
[Site "CRELEL"]
[Date "2011.01.22"]
[Round "6"]
[White "Nottet, Tristan"]
[Black "Pirard, Gregory"]
[Result "0-1"]
[WhiteElo "1625"]
[BlackElo "2039"]
[PlyCount "52"]
[EventDate "2010.??.??"]

1. e4 c5 2. c3 d5 3. exd5 Qxd5 4. d4 e6 5. Nf3 Nf6 6. Na3 a6 7. Nc2 Be7 8. Be2
O-O 9. O-O Nc6 10. Ne3 Qd6 11. Nc4 Qc7 12. a4 b6 13. Be3 Bb7 14. dxc5 bxc5 15.
Qc2 Rad8 16. Rad1 Ng4 17. Bd3 Nb4 18. cxb4 Bxf3 19. g3 Bxd1 20. Qxd1 Nxe3 21.
fxe3 cxb4 22. Bxh7+ Kxh7 23. Qh5+ Kg8 24. Ne5 Rd5 25. Rxf7 Rxe5 26. Rxg7+ Kxg7
0-1

[Event "Tournoi d'Hiver 2010"]
[Site "CRELEL"]
[Date "2010.12.17"]
[Round "3"]
[White "Nottet, Tristan"]
[Black "Szigetvari, Andre"]
[Result "1-0"]
[WhiteElo "1625"]
[BlackElo "1782"]
[PlyCount "76"]
[EventDate "2010.??.??"]

1. e4 c5 2. Nc3 d6 3. g3 Nf6 4. h3 Nc6 5. Bg2 e5 6. d3 Be7 7. Nge2 Be6 8. O-O
O-O 9. Be3 a6 10. f4 exf4 11. Nxf4 Qd7 12. Ncd5 Bxd5 13. Nxd5 Nxd5 14. exd5 Ne5
15. c4 b5 16. b3 Rae8 17. d4 Ng6 18. dxc5 dxc5 19. Qc2 Bd6 20. Bf2 f5 21. Rae1
Rxe1 22. Rxe1 b4 23. Qe2 Qc7 24. Qe3 f4 25. gxf4 Nxf4 26. Kh1 Nxg2 27. Kxg2 h6
28. Bg3 Bxg3 29. Qxg3 Qxg3+ 30. Kxg3 Rf6 31. Re4 Rg6+ 32. Rg4 Rf6 33. Rf4 Rg6+
34. Kf3 Rg1 35. Rg4 Rd1 36. Kf4 Rd2 37. Ke5 Rxa2 38. Kd6 Rb2 1-0

[Event "Tournoi d'Hiver 2010"]
[Site "CRELEL"]
[Date "2010.12.03"]
[Round "1"]
[White "Ouamar, Mohamed"]
[Black "Dans, Guy"]
[Result "0-1"]
[WhiteElo "1150"]
[BlackElo "1395"]
[PlyCount "64"]
[EventDate "2010.??.??"]

1. b3 d5 2. Bb2 Nf6 3. e3 e6 4. f3 Be7 5. Bd3 Nc6 6. c3 Qd6 7. Qe2 e5 8. e4 d4
9. Na3 a6 10. Nc4 Qe6 11. Qf2 b5 12. Qg3 bxc4 13. Bxc4 Qd6 14. Qxg7 Rf8 15. a3
Be6 16. Bxe6 Qxe6 17. Qg3 Bd6 18. Qf2 Qxb3 19. d3 dxc3 20. Bc1 Nd4 21. Ra2 Qb8
22. Kd1 c2+ 23. Rxc2 Nxc2 24. Ne2 Bxa3 25. Kd2 Bxc1+ 26. Rxc1 Qb4+ 27. Kxc2 Rb8
28. Kd1 Qb3+ 29. Ke1 Qxd3 30. Qc5 Qd6 31. Qa7 Qb6 32. Qxb6 cxb6 0-1

[Event "Tournoi d'Hiver 2010"]
[Site "CRELEL"]
[Date "2010.12.03"]
[Round "1"]
[White "Pirard, Gregory"]
[Black "Aydogdu, Hakan"]
[Result "1-0"]
[WhiteElo "2039"]
[BlackElo "1681"]
[PlyCount "97"]
[EventDate "2010.??.??"]

1. e4 c5 2. Nf3 Nc6 3. d4 cxd4 4. Nxd4 Nf6 5. Nc3 a6 6. Be3 d6 7. Be2 e5 8. Nb3
Be6 9. O-O d5 10. exd5 Nxd5 11. Nxd5 Bxd5 12. c4 Be6 13. Qc2 Qc7 14. Rad1 Rd8
15. a3 Be7 16. Bd3 h6 17. f3 O-O 18. Qf2 Qc8 19. Bb6 Rde8 20. Kh1 f6 21. Nc1
Nb8 22. Ne2 Nd7 23. Be3 Nc5 24. Bg6 Bf7 25. Bxf7+ Rxf7 26. b4 Ne6 27. c5 f5 28.
Bc1 Rd8 29. Bb2 Bf6 30. Qe3 f4 31. Qe4 Ng5 32. Qc4 Kf8 33. Rxd8+ Qxd8 34. a4
Rd7 35. b5 axb5 36. axb5 Nf7 37. c6 bxc6 38. bxc6 Qc7 39. Ra1 Rd8 40. Nc3 Rc8
41. Ra6 Nd8 42. Ba3+ Be7 43. Nd5 Qb8 44. Bxe7+ Ke8 45. h3 Qb1+ 46. Kh2 Qe1 47.
Bxd8 Qg3+ 48. Kg1 Rxd8 49. c7 1-0

[Event "Tournoi d'Hiver 2010"]
[Site "CRELEL"]
[Date "2011.01.14"]
[Round "5"]
[White "Pirard, Gregory"]
[Black "Sauvage, Eric"]
[Result "0-1"]
[WhiteElo "2039"]
[BlackElo "2037"]
[PlyCount "94"]
[EventDate "2010.??.??"]

1. e4 c5 2. Nf3 d6 3. d4 cxd4 4. Nxd4 Nf6 5. Nc3 g6 6. Be2 Bg7 7. O-O O-O 8.
Kh1 Nc6 9. Nb3 a6 10. f4 b5 11. Bf3 Bb7 12. Be3 Rc8 13. a4 b4 14. Ne2 Na5 15.
Nxa5 Qxa5 16. Qd3 Nd7 17. e5 Bxf3 18. Rxf3 Nc5 19. Bxc5 Qxc5 20. c3 dxe5 21.
Qxa6 exf4 22. Nxf4 bxc3 23. bxc3 e5 24. Nd3 Qd5 25. Nb4 Qb3 26. Qd3 Rfd8 27.
Qb1 Qxb1+ 28. Rxb1 Ra8 29. a5 Rxa5 30. Nc6 Rb5 31. Rbf1 Rd7 32. g3 Rc7 33. Nd8
f5 34. Ne6 Rc6 35. Nxg7 Kxg7 36. Rc1 e4 37. Rf2 Rbc5 38. Rfc2 Kf6 39. Kg1 g5
40. Kf2 f4 41. Ke2 Ke5 42. Kf2 Rh6 43. Rh1 Rd5 44. c4 Rc5 45. Kg2 f3+ 46. Kf2
g4 47. Ke3 Ra5 0-1

[Event "Tournoi d'Hiver 2010"]
[Site "CRELEL"]
[Date "2010.12.17"]
[Round "?"]
[White "Pitz, Luc"]
[Black "Dans, Guy"]
[Result "1/2-1/2"]
[WhiteElo "1444"]
[BlackElo "1395"]
[PlyCount "64"]
[EventDate "2010.??.??"]

1. e4 e5 2. f4 exf4 3. Nf3 d6 4. Bc4 Be6 5. Bxe6 fxe6 6. O-O Nd7 7. d4 e5 8.
Nc3 Ngf6 9. Ng5 h6 10. Ne6 Qc8 11. d5 Nc5 12. Nxc5 dxc5 13. Qd3 Qd7 14. Rd1 Bd6
15. g3 O-O 16. Rf1 fxg3 17. Qxg3 Qg4 18. Qxg4 Nxg4 19. Bd2 Rxf1+ 20. Rxf1 Rf8
21. Rxf8+ Kxf8 22. Kg2 a6 23. Kg3 Nf6 24. Kf3 Kf7 25. Ne2 h5 26. h3 g6 27. c4
c6 28. dxc6 bxc6 29. Nc3 Nd7 30. Na4 Be7 31. Be3 Ke6 32. b3 Kf7 1/2-1/2

[Event "Tournoi d'Hiver 2010"]
[Site "CRELEL"]
[Date "2011.01.28"]
[Round "7"]
[White "Pitz, Luc"]
[Black "Wilket, Andre"]
[Result "1/2-1/2"]
[WhiteElo "1444"]
[BlackElo "1500"]
[PlyCount "90"]
[EventDate "2010.??.??"]

1. e4 e5 2. f4 d6 3. Nf3 Bg4 4. Bc4 Nh6 5. fxe5 dxe5 6. O-O Bc5+ 7. Kh1 O-O 8.
d3 Qd6 9. Nc3 c6 10. h3 Bh5 11. Qe1 Bxf3 12. Rxf3 Kh8 13. Bxh6 Qxh6 14. Rxf7
Rxf7 15. Bxf7 Qf6 16. Qf1 Nd7 17. Qxf6 Nxf6 18. Ne2 Rf8 19. Bc4 Nh5 20. Be6 Nf4
21. Nxf4 Rxf4 22. c3 Be7 23. Kg1 Bc5+ 24. Kh1 Bf2 25. Bc8 b6 26. b4 Rf8 27. Rf1
g6 28. Bg4 Kg7 29. Bd7 c5 30. bxc5 Bxc5 31. Rxf8 Kxf8 32. Kh2 g5 33. Kg3 Kg7
34. Kg4 Kf6 35. Kh5 Bf2 36. d4 h6 37. d5 Ke7 38. Bc6 Kd6 39. Bb5 Ke7 40. Kg6
Kd6 41. Kf7 Be3 42. a3 h5 43. a4 h4 44. c4 Bd2 45. Kg6 Be3 1/2-1/2

[Event "Tournoi d'Hiver 2010"]
[Site "CRELEL"]
[Date "2010.12.03"]
[Round "1"]
[White "Porteman, Eric"]
[Black "Champt, Victor"]
[Result "1-0"]
[WhiteElo "1937"]
[BlackElo "1616"]
[PlyCount "69"]
[EventDate "2010.??.??"]

1. c4 c5 2. Nc3 Nc6 3. g3 Nf6 4. Bg2 d6 5. Nf3 g6 6. d4 cxd4 7. Nxd4 Bd7 8. O-O
Bg7 9. e3 O-O 10. Re1 Qc8 11. b3 Re8 12. Bb2 Bh3 13. Bh1 Bd7 14. Rc1 Nxd4 15.
exd4 Bc6 16. d5 Bd7 17. Rc2 Rb8 18. Qc1 a6 19. Rce2 Qd8 20. Qf4 Nh5 21. Qd2 Nf6
22. Bf3 Bg4 23. Bxg4 Nxg4 24. h3 Ne5 25. Kg2 Rc8 26. Ne4 f6 27. f4 Nf7 28.
Nxf6+ Bxf6 29. Bxf6 Rc7 30. Bc3 Rd7 31. Qd4 e5 32. dxe6 Ne5 33. exd7 Re7 34.
fxe5 dxe5 35. Qd5+ 1-0

[Event "Tournoi d'Hiver 2010"]
[Site "CRELEL"]
[Date "2011.01.07"]
[Round "4"]
[White "Porteman, Eric"]
[Black "Pirard, Gregory"]
[Result "0-1"]
[WhiteElo "1937"]
[BlackElo "2039"]
[PlyCount "70"]
[EventDate "2010.??.??"]

1. c4 c5 2. Nc3 Nf6 3. g3 d5 4. cxd5 Nxd5 5. Bg2 Nc7 6. Nf3 Nc6 7. O-O e5 8. b3
Be7 9. Bb2 O-O 10. Rc1 f5 11. Na4 e4 12. Ne5 Nxe5 13. Bxe5 Ne6 14. Re1 b5 15.
Nc3 Bg5 16. e3 b4 17. Na4 Qd5 18. f4 Ba6 19. g4 Bh4 20. Rf1 g6 21. gxf5 gxf5
22. Qh5 Bf6 23. Bxf6 Rxf6 24. Rf2 Kh8 25. Kh1 Bb5 26. Nb2 Ng7 27. Qg5 Qd6 28.
h3 Rg8 29. Qg3 Nh5 30. Qh2 Ng3+ 31. Kg1 Ne2+ 32. Rxe2 Bxe2 33. Kh1 Qxd2 34. Rg1
Qxb2 35. Re1 Rxg2 0-1

[Event "Tournoi d'Hiver 2010"]
[Site "CRELEL"]
[Date "2010.12.17"]
[Round "?"]
[White "Porteman, Eric"]
[Black "Sauvage, Eric"]
[Result "1-0"]
[WhiteElo "1937"]
[BlackElo "2037"]
[PlyCount "85"]
[EventDate "2010.??.??"]

1. c4 e6 2. Nf3 Be7 3. g3 h5 4. h4 d5 5. Bg2 c6 6. Qc2 dxc4 7. Qxc4 Nd7 8. d4
c5 9. O-O Ngf6 10. Rd1 Nb6 11. Qc2 cxd4 12. Nxd4 Nfd5 13. e4 Nb4 14. Qe2 Bd7
15. Nc3 Bc5 16. Be3 Qe7 17. a3 Nc6 18. Ncb5 O-O 19. Qxh5 e5 20. Nxc6 Bxc6 21.
Bxc5 Qxc5 22. Nd6 Nd7 23. Rac1 Qb6 24. Nf5 Rfe8 25. Qg5 g6 26. Rd6 Nf8 27. h5
Re6 28. hxg6 Rxg6 29. Ne7+ Kg7 30. Nxg6 Nxg6 31. Qf6+ Kg8 32. Rcd1 Qxb2 33.
Rd8+ Rxd8 34. Rxd8+ Kh7 35. Qxf7+ Kh6 36. Qf6 Kh7 37. Qf7+ Kh6 38. Qf5 Qxa3 39.
Kh2 Qe7 40. Rg8 Qg5 41. Bh3 Qh5 42. Qf6 Bxe4 43. Rh8# 1-0

[Event "Tournoi d'Hiver 2010"]
[Site "CRELEL"]
[Date "2010.12.10"]
[Round "2"]
[White "Remont, Leopold"]
[Black "Barbier, Frederic"]
[Result "1-0"]
[WhiteElo "2006"]
[BlackElo "1766"]
[PlyCount "85"]
[EventDate "2010.??.??"]

1. e4 c5 2. Nf3 Nc6 3. d4 cxd4 4. Nxd4 g6 5. c4 Bg7 6. Be3 d6 7. Be2 Nf6 8. Nc3
O-O 9. O-O Bd7 10. Rc1 a6 11. f4 Nxd4 12. Bxd4 Bc6 13. Bf3 e6 14. Qe1 Nd7 15.
Bxg7 Kxg7 16. Qe3 Qf6 17. Rcd1 e5 18. Be2 exf4 19. Rxf4 Qe5 20. Qd4 Rad8 21.
Qxd6 Qxd6 22. Rxd6 Nc5 23. e5 Rde8 24. b4 Ne6 25. Rf1 Ng5 26. b5 axb5 27. cxb5
Ne4 28. Nxe4 Bxe4 29. Rd7 Rxe5 30. Bc4 Rc5 31. Bxf7 Kh6 32. Rd4 Bf5 33. Bc4
Rfc8 34. Bb3 Rc3 35. Rh4+ Kg7 36. g4 g5 37. Rh5 Bg6 38. Rxg5 R8c7 39. Kg2 Re7
40. Kg1 Kh6 41. Rd5 Re2 42. g5+ Kg7 43. Rd7+ 1-0

[Event "Tournoi d'Hiver 2010"]
[Site "CRELEL"]
[Date "2011.01.28"]
[Round "7"]
[White "Remont, Leopold"]
[Black "Demblon, Jean-Luc"]
[Result "1-0"]
[WhiteElo "2006"]
[BlackElo "1603"]
[PlyCount "57"]
[EventDate "2010.??.??"]

1. e4 e5 2. Nf3 d6 3. d4 exd4 4. Qxd4 Nc6 5. Bb5 Bd7 6. Bxc6 Bxc6 7. Nc3 Nf6 8.
Bg5 Be7 9. O-O-O O-O 10. Rhe1 Re8 11. Kb1 a5 12. Qc4 Bd7 13. e5 dxe5 14. Nxe5
Be6 15. Rxd8 Bxc4 16. Rxa8 Bxa2+ 17. Kxa2 Rxa8 18. Nd3 Re8 19. Bxf6 gxf6 20.
Nd5 Kf8 21. Nxe7 Rxe7 22. Rxe7 Kxe7 23. Kb3 Kd6 24. Kc4 c6 25. Kd4 b6 26. c4
c5+ 27. Ke4 h6 28. Kf5 Ke7 29. Nf4 1-0

[Event "Tournoi d'Hiver 2010"]
[Site "CRELEL"]
[Date "2011.01.07"]
[Round "4"]
[White "Remont, Leopold"]
[Black "Vagner, Fabian"]
[Result "1-0"]
[WhiteElo "2006"]
[BlackElo "1884"]
[PlyCount "43"]
[EventDate "2010.??.??"]

1. e4 e5 2. Nf3 Nc6 3. Bb5 Nf6 4. Qe2 d6 5. h3 Bd7 6. c3 Be7 7. d4 O-O 8. d5
Nb8 9. Bxd7 Qxd7 10. c4 Ne8 11. Nc3 f5 12. exf5 Qxf5 13. Ne4 h6 14. O-O Nd7 15.
Ng3 Qf7 16. Bd2 c6 17. dxc6 bxc6 18. Rad1 Nc7 19. Bc3 Ne6 20. Nd2 Nf6 21. Nde4
Nxe4 22. Nxe4 1-0

[Event "Tournoi d'Hiver 2010"]
[Site "CRELEL"]
[Date "2010.12.17"]
[Round "3"]
[White "Renard, Alain"]
[Black "Iafelice, Luigi"]
[Result "1/2-1/2"]
[WhiteElo "1560"]
[BlackElo "1800"]
[PlyCount "74"]
[EventDate "2010.??.??"]

1. e4 e5 2. Nf3 Nc6 3. Bc4 Bc5 4. c3 Nf6 5. d3 d6 6. O-O Bb6 7. b4 O-O 8. h3
Ne7 9. Nbd2 Ng6 10. Nh2 c6 11. Ndf3 d5 12. exd5 Nxd5 13. Bg5 Qd6 14. Qe1 f5 15.
Be3 Bxe3 16. fxe3 Kh8 17. Rc1 Be6 18. Ng5 Bg8 19. Ngf3 Rae8 20. Nd2 f4 21. Bxd5
cxd5 22. e4 dxe4 23. dxe4 Qa6 24. Nhf3 b5 25. Ra1 Rc8 26. Nb3 Bc4 27. Nc5 Qb6
28. Rf2 Rfd8 29. Kh1 Qf6 30. a4 a6 31. axb5 Bxb5 32. Nd2 Ra8 33. Ndb3 Bc4 34.
Na5 Qf7 35. Rd2 Bb5 36. Nab7 Rdc8 37. Nd6 Qc7 1/2-1/2